|
|
|
|
| LEADER |
00000nab a2200000 a 4500 |
| 001 |
vtls009494798 |
| 003 |
SK-MaSNL |
| 005 |
20260304154143.0 |
| 008 |
250507c2008 xo |r|p|||||||000 b|slo |
| 015 |
|
|
|a SNBRB2009/04
|2 snkbucl
|
| 035 |
|
|
|a (uuid)c3a291cb-2df6-43db-8add-3f80424b2d46
|
| 035 |
|
|
|a urn:nbn:sk:snk-abc4r0
|
| 035 |
|
|
|a (urnnbn)urn:nbn:sk:snk:ar-006fc4
|
| 038 |
|
|
|a SNKBUCL
|
| 040 |
|
|
|a SNKBUCL
|b slo
|c SNKBUCL
|e AACR2
|
| 041 |
0 |
|
|a slo
|
| 044 |
|
|
|a xo
|c SK
|
| 080 |
|
|
|a 78.071.1/.2:784.66:786.6
|x (048)
|2 2001
|
| 080 |
|
|
|a 784.66
|x (048)
|2 2001
|
| 080 |
|
|
|a 786.6
|x (048)
|2 2001
|
| 245 |
0 |
0 |
|a Ibrahim Electric meets Ray Anderson: Again - Stunt Records/Hevhetia 2007
|c [autori] -Vaše uši-
|
| 500 |
|
|
|a V rubrike CDotyky
|
| 600 |
1 |
7 |
|a Electric, Ibrahim
|2 snkbucl
|9 1478508
|
| 630 |
0 |
7 |
|a Again (nahrávka CD)
|2 snkbucl
|9 1478509
|
| 650 |
0 |
7 |
|a nahrávky CD
|2 snkbucl
|9 19639
|
| 655 |
|
7 |
|a recenzie
|2 snkbucl
|9 21907
|
| 773 |
0 |
|
|t Dotyky
|g Roč. XX, č. 4-5 (2008), s. 116
|x 1210-2210
|
| 850 |
|
|
|a Slovenská národná knižnica
|
| 852 |
|
|
|a Slovenská národná knižnica
|
| 958 |
|
|
|a article15
|
| 958 |
|
|
|a OND
|
| 958 |
|
|
|a RC
|
| 958 |
|
|
|a EUIPO
|
| 999 |
|
|
|c 2956421
|d 2958351
|